Production of vegetables in the tropics and sub-tropics: No.23

Bewaard in:
Bibliografische gegevens
Formaat: Boek
Taal:Undetermined
Gepubliceerd in: Japan TARC 1990
Onderwerpen:
Tags: Voeg label toe
Geen labels, Wees de eerste die dit record labelt!
Thư viện lưu trữ: Trung tâm Học liệu Trường Đại học Cần Thơ
LEADER 00447nam a2200157Ia 4500
001 CTU_21862
008 210402s9999 xx 000 0 und d
082 |a 635.0913 
082 |b P962/No.23 
245 0 |a Production of vegetables in the tropics and sub-tropics: No.23 
260 |a Japan 
260 |b TARC 
260 |c 1990 
650 |a horticulture - tropics 
904 |i Minh, 980122 
980 |a Trung tâm Học liệu Trường Đại học Cần Thơ